Cinéma en images par lettres - S - #1 - Statistiques

Statistiques générales
  • Ce quiz a été pris 179 fois
    170 depuis la dernière actualisation
  • Le résultat moyen est 13 sur 24
Statistiques - réponses
Par images Hint Réponse % Correct
Personnage Shrek
95%
Acteur Elie Semoun
90%
Acteur Sylvester Stallone
78%
Lieu Studio
76%
Film S.O.S. Fantômes
74%
Franchise Star Trek
74%
Film Scarface
70%
Réalisateur Martin Scorsese
68%
Film Soul
68%
Film The Social Network
68%
Actrice Meryl Streep
67%
Film Slumdog Millionaire
63%
Actrice Léa Seydoux
61%
Film Sur la piste du Marsupilami
56%
Actrice Romy Schneider
48%
Actrice Kristen Stewart
47%
Société de production StudioCanal
39%
Étape de production Storyboard
33%
Acteur Bruno Salomone
28%
Film Le Salaire de la peur
19%
Acteur Philip Seymour Hoffman
19%
Type de pellicule/caméra Super 8
19%
Réalisateur Ridley Scott
15%
Compositeur Eric Serra
10%
Aucun quiz correspondant
Distribution des résultats
% des personnes avec chaque résultat
Percentile par nombre de réponses
Votre historique - résultats
Vous n’avez pas pris ce quiz depuis la dernière actualisation